000 01548nam a22001817a 4500
008 250901b ||||| |||| 00| 0 spa d
020 _a978-950-49-2796-9
040 _aAR-FvUNAJ
_dAR-FvUNAJ
_eaacr2
082 1 4 _214
_a158.1
100 1 _aSordo, Pilar
_d1965-
_921881
245 1 1 _a¡Viva la diferencia! :
_b(... y el complemento también). Lo femenino y lo masculino /
_cPilar Sordo.
260 _aBuenos Aires :
_bPlaneta,
_c2014.
300 _a190 p.
520 _aDesmintiendo la malentendida idea de que hombres y mujeres son iguales, en este libro la reconocida psicóloga Pilar Sordo plantea la posibilidad de “ir más allá de los géneros”, al admitir que hombres y mujeres somos absolutamente distintos. Gracias a esta visión —que establece la necesidad de aceptarnos en la totalidad de nuestro ser, con todo lo que esto implica—, surge la posibilidad de evitar la competencia que ha ido aumentando progresivamente entre ambos géneros. ¡Viva la diferencia! (... y el complemento también) invita a equilibrar y complementar los aspectos masculinos y femeninos que habitan dentro de nosotros, orientándonos con una serie de consejos prácticos que nos ayudarán a obtener la autonomía para avanzar hacia la plenitud y la estabilidad psicológica. “No sabemos qué se espera del ser hombre y del ser mujer. Pero no estaría nada de mal que advirtiéramos que tenemos una esencia que respetar, un alma que cuidar"
650 0 _99049
_aAUTOAYUDA
942 _2ddc
_cLIBRO
980 _62
_aVirginia Figueroa
_82
_gVirginia Figueroa
999 _c11074
_d11074